Mořská zvířata : fascinující výprava do hlubin /
Uloženo v:
| Hlavní autor: | |
|---|---|
| Další autoři: | , |
| Médium: | Kniha |
| Jazyk: | Czech |
| Vydáno: |
Říčany :
Sun,
2025
|
| Vydání: | 1. vydání |
| Témata: | |
| Celkem bylo vypůjčeno: | 0x |
| Tagy: |
Žádné tagy |
| LEADER | 02014nam a2200541 i 4500 | ||
|---|---|---|---|
| 001 | 106675 | ||
| 003 | CZ PrNK | ||
| 005 | 20260630143154.0 | ||
| 007 | ta | ||
| 008 | 250611s2025 xr ab b f 000 0 cze | ||
| 015 | |a cnb003689760 | ||
| 020 | |a 9788076875548 |q (vázáno) | ||
| 040 | |a BOA001 |b cze |e rda | ||
| 041 | 1 | |a cze |h spa | |
| 072 | 7 | |a 59 |x Zoologie |2 Konspekt |9 2 | |
| 072 | 7 | |a 0/9-053.2 |x Literatura pro děti a mládež (naučná) |2 Konspekt |9 26 | |
| 080 | |a 591.9(26) |2 MRF | ||
| 080 | |a 591.5 |2 MRF | ||
| 080 | |a (0.062) |2 MRF | ||
| 080 | |a (084.11) |2 MRF | ||
| 080 | |a (0.053.2) |2 MRF | ||
| 100 | 1 | |a Román, Manuela |4 aut | |
| 240 | 1 | 0 | |a Magnífico libro de los animales marinos. |l Česky |
| 245 | 1 | 0 | |a Mořská zvířata : |b fascinující výprava do hlubin / |c Manuela Román ; ilustrace Pippa Boom ; překlad: Jana Bílková |
| 250 | |a 1. vydání | ||
| 264 | 1 | |a Říčany : |b Sun, |c 2025 | |
| 300 | |a 93 stran : |b barevné ilustrace, mapy ; |c 36 cm | ||
| 336 | |a text |b txt |2 rdacontent | ||
| 336 | |a statický obraz |b sti |2 rdacontent | ||
| 337 | |a bez média |b n |2 rdamedia | ||
| 338 | |a svazek |b nc |2 rdacarrier | ||
| 500 | |a Přeloženo ze španělštiny | ||
| 650 | 0 | 7 | |a mořští živočichové |7 ph123031 |2 czenas |
| 650 | 0 | 7 | |a ekologie živočichů |7 ph114419 |2 czenas |
| 650 | 0 | 9 | |a sea animals |2 eczenas |
| 650 | 0 | 9 | |a animal ecology |2 eczenas |
| 655 | 7 | |a populárně-naučné publikace |7 fd131864 |2 czenas |9 102 | |
| 655 | 7 | |a obrazové publikace |7 fd132947 |2 czenas |9 53754 | |
| 655 | 7 | |a publikace pro děti |7 fd133156 |2 czenas |9 23 | |
| 655 | 9 | |a popular works |2 eczenas | |
| 655 | 9 | |a pictorial works |2 eczenas | |
| 655 | 9 | |a children's literature |2 eczenas | |
| 700 | 1 | |a Boom, Pippa |7 jo20241247282 |4 ill |9 117530 | |
| 700 | 1 | |a Bílková, Jana, |d 1977- |7 ola2006329924 |4 trl |9 30797 | |
| 910 | |a UOG502 | ||
| 942 | |2 ddc |c KN | ||
| 999 | |d 106675 | ||
| 993 | |0 0 |1 421180107399 |2 ddc |4 0 |6 59_000000000000000 |7 0 |9 100177 |b 0 |c 107399 |d 2026-06-30 |e 0 |f M |g 59 |h 399.00 |i Koupě |l M |r 2026-06-30 |t 7 |w 2026-06-30 |y KN |z NAUCNA |n | ||